Hoa hậu xứ Mường Tiểu thuyết
Tallennettuna:
| Päätekijä: | |
|---|---|
| Aineistotyyppi: | Kirja |
| Julkaistu: |
Hà Nội
Hội Nhà Văn
2018
|
| Aiheet: | |
| Tagit: |
Lisää tagi
Ei tageja, Lisää ensimmäinen tagi!
|
| Thư viện lưu trữ: | Trung tâm Học liệu Lê Vũ Hùng, Trường Đại học Đồng Tháp |
|---|
| LEADER | 00915pam a22002418a 4500 | ||
|---|---|---|---|
| 001 | 00044689 | ||
| 008 | 110506s1983 ||||||Viesd | ||
| 005 | 20190926090936.0 | ||
| 020 | # | # | |a 9786049721489 |c 0 |
| 041 | 0 | # | |a Vie |
| 082 | 1 | 4 | |a 895.922 34 |b H401H |
| 100 | 1 | # | |a Phượng, Vũ |
| 245 | 0 | 0 | |b Tiểu thuyết |a Hoa hậu xứ Mường |c Phượng Vũ |
| 260 | # | # | |a Hà Nội |b Hội Nhà Văn |c 2018 |
| 300 | # | # | |a 703 tr. |c 21 cm. |
| 500 | # | # | |a ĐTTS ghi : Liên hiệp các hội văn học nghệ thuật Việt Nam. Hội văn học nghệ thuật các dân tộc thiểu số Việt Nam |
| 653 | # | # | |a Truyện ngắn |
| 653 | # | # | |a Tác phẩm |
| 653 | # | # | |a Việt Nam |
| 653 | # | # | |a Văn học hiện đại |
| 852 | # | # | |j KD.0025352 |
| 910 | # | # | |d 23/9/2019 |
| 980 | # | # | |a Trung tâm Học liệu Lê Vũ Hùng, Trường Đại học Đồng Tháp |


